Top 10 Fictional Characters - Statistics

General Stats
  • This quiz has been taken 49 times
  • The average score is 5 of 10
Answer Stats
Number Gender Debut Character % Correct
8 Female Frozen (2013) Elsa (yes, really)
91%
1 Male Breaking Bad - Pilot (2008) Walter White
76%
3 Male Phoenix Wright: Ace Attorney (2001) Phoenix Wright
60%
10 Female Super Mario Galaxy (2007) Rosalina
60%
2 Female Metroid (1986) Samus Aran
53%
7 Male Saw (2003) John Kramer
47%
5 Female The Last Of Us (2013) Ellie
36%
6 Male The Last Of Us (2013) Joel Miller
33%
9 Male Kirby's Adventure (1993) Meta Knight
33%
4 Male Phoenix Wright: Ace Attorney (2001) Miles Edgeworth
16%
No matching quizzes found
Score Distribution
Percent of People with Each Score
Percentile by Number Answered
Your Score History
You have not taken this quiz